000 00317nam a22001337a 4500
008 250908b |||||||| |||| 00| 0 eng d
020 _a9781543342659
040 _a02
100 _aSINGH,RAMANDEEP
245 _aPRINCIPLES OF PHARMACY PRACTICE
260 _aJALANDHER
_bPEE VEE
_c2022
300 _a204
942 _c01
999 _c66123
_d66123